[Event "Huarte Puente Foral op 8th"]
[Site "Huarte"]
[Date "2013.12.07"]
[Round "6"]
[White "Apesteguia Domaica, Jose Antonio"]
[Black "Urbiola Martinez, Jesus"]
[Result "1-0"]
[WhiteElo "1880"]
[BlackElo "1531"]
[PlyCount "117"]
[EventDate "2013.12.03"]
[EventType "swiss"]
[EventRounds "7"]
[EventCountry "ESP"]
[SourceTitle "EXT 2016"]
[Source "ChessBase"]
[SourceDate "2015.10.08"]
[SourceVersion "1"]
[SourceVersionDate "2015.10.08"]
[SourceQuality "1"]

1. d4 Nf6 2. c4 e6 3. Nc3 Bb4 4. Qc2 Nc6 5. Nf3 d6 6. e4 Bxc3+ 7. bxc3 h6 8. Be2 0-0 9. 0-0 Re8 10. Rd1 e5 11. d5 Nb8 12. h3 Nbd7 13. Be3 b6 14. a4 a5 15. Nd2 Qe7 16. Nb1 Bb7 17. Na3 c6 18. Bf3 Rac8 19. Rab1 Nc5 20. Rxb6 Qc7 21. Bxc5 dxc5 22. Rdb1 Ba8 23. Qb2 Nd7 24. Rb3 Rb8 25. Qc2 Rxb3 26. Rxb3 Rd8 27. Qb1 Nf6 28. Nc2 Ne8 29. Be2 Nd6 30. f3 Qd7 31. Rb8 Qc7 32. Rb6 f5 33. Bd3 fxe4 34. fxe4 cxd5 35. exd5 e4 36. Be2 Nf5 37. Re6 Ng3 38. Qe1 Qf4 39. Rg6 Nxe2+ 40. Qxe2 Rf8 41. Rg4 Qe5 42. Rxe4 Qxc3 43. Re7 Qf6 44. Qe5 Qf2+ 45. Kh2 Qf6 46. Ne3 Qf4+ 47. Qxf4 Rxf4 48. Re8+ Rf8 49. Rxf8+ Kxf8 50. Kg3 Bb7 51. Kf4 Kf7 52. Ke5 g6 53. Kd6 Ke8 54. Kxc5 Kd7 55. Kb6 Bc8 56. c5 h5 57. Kxa5 h4 58. Kb5 Kd8 59. a5 1-0

[Event "Huarte Puente Foral op 7th"]
[Site "Huarte"]
[Date "2012.12.04"]
[Round "1"]
[White "Urbiola Martinez, Jesus"]
[Black "Vera Balague, Gabriel"]
[Result "0-1"]
[WhiteElo "1538"]
[BlackElo "1911"]
[PlyCount "46"]
[EventDate "2012.12.04"]
[EventType "swiss"]
[EventRounds "7"]
[EventCountry "ESP"]
[SourceTitle "EXT 2016"]
[Source "ChessBase"]
[SourceDate "2015.10.08"]
[SourceVersion "1"]
[SourceVersionDate "2015.10.08"]
[SourceQuality "1"]

1. e4 Nf6 2. Nc3 d5 3. exd5 Nxd5 4. Nxd5 Qxd5 5. Nf3 Nc6 6. c3 Bg4 7. Be2 e5 8. d3 0-0-0 9. 0-0 f5 10. b4 Bxf3 11. Bxf3 Qxd3 12. Qb3 e4 13. Rd1 Qb5 14. a4 Qe5 15. Rxd8+ Nxd8 16. Be2 Bd6 17. g3 Qe7 18. Be3 Kb8 19. Qd5 Qe5 20. Qd2 Ne6 21. Bc4 Bxb4 22. Bd4 Nxd4 23. Qxd4 Bxc3 0-1